[Event "45th Olympiad 2024"]
[Site "Budapest HUN"]
[Date "2024.09.14"]
[Round "4.5"]
[Board "1"]
[White "Le, Quang Liem"]
[Black "Abdusattorov, Nodirbek"]
[Result "1/2-1/2"]
[WhiteElo "2741"]
[BlackElo "2766"]
[PlyCount "125"]
[EventDate "2024.09.11"]
[WhiteTeam "Vietnam"]
[BlackTeam "Uzbekistan"]
[WhiteTeamCountry "VIE"]
[BlackTeamCountry "UZB"]

1. c4 c5 2. Nf3 Nf6 3. Nc3 Nc6 4. d4 cxd4 5. Nxd4 e6 6. a3 d5 7. cxd5 exd5 8. Bg5 Bc5 9. e3 O-O ({RR} 9... Bxd4 10. exd4 O-O 11. Be2 h6 12. Bh4 Qd6 13. Bg3 Qe7 14. O-O Bf5 15. Re1 Qd7 16. Bf3 Rfe8 17. Be5 Ne4 18. Rc1 Nxe5 19. dxe5 Rxe5 20. Nxe4 dxe4 21. Qxd7 Bxd7 22. Rxe4 Rxe4 23. Bxe4 Rc8 24. Rxc8+ {½-½ Navara,D (2737)-Anand,V (2783) Saint Louis Blitz 2017 (17)}) ({RR} 9... Bxd4 10. exd4 O-O 11. Be2 Re8 12. O-O h6 13. Bh4 Bf5 14. Bb5 Re6 15. Bxc6 bxc6 16. Re1 Qe7 17. Qd2 Re8 18. f3 g5 19. Bf2 Qf8 20. g4 Bg6 21. h4 gxh4 22. Bxh4 h5 23. Rxe6 Rxe6 24. Re1 {½-½ Ivanov,M (2269)-Maksimovic,S (2044) Int ch-Central SRB 2024 (4.4)}) 10. Be2 Nxd4 11. exd4 Bb6 $146 ({RR} 11... Be7 12. O-O Be6 13. Bf3 Qb6 14. Na4 Qb5 15. Re1 Rac8 16. b4 b6 17. Nb2 h6 18. Bf4 Ne4 19. Be2 Qd7 20. Ba6 Rcd8 21. Nd3 Bf6 22. Ne5 Bxe5 23. Bxe5 Nd6 24. Bxd6 Qxd6 25. Rc1 Bd7 26. Qf3 {½-½ Polishchuk,O (2269)-Golubka,P (2418) Mukachevo Summer op 2013 (6)}) ({RR} 11... Be7 12. O-O Be6 13. Rc1 Ne4 14. Bxe7 Qxe7 {½-½ Meins,G (2490)-Eingorn,V (2567) Bayern-chI Bank Hofmann 15th 2011 (5)}) ({RR} 11... Be7 12. O-O h6 13. Bf4 Ne4 14. Rc1 Be6 15. Nxe4 dxe4 16. Rc7 Bd5 17. Bb5 Bd6 18. Rd7 Qb6 19. Rxd6 Qxb5 20. Bxh6 Be6 21. d5 Bf5 22. Bc1 Rad8 23. Rxd8 Rxd8 24. Qd4 Rxd5 25. Qxa7 Bg4 26. Re1 {1-0 Artemiev,V (2697)-Huschenbeth,N (2605) FIDE Grand Swiss 2023 (4.19)}) 12. O-O Qd6 13. Bf3 h6 14. Bxf6 Qxf6 15. Nxd5 Qxd4 16. Qe2 Bd8 17. Rfd1 Qa4 18. Rac1 Be6 19. Nc3 Qb3 20. Bd5 Bxd5 21. Nxd5 Bg5 22. Rc3 Qa4 23. Rc4 Qa5 24. h4 Rae8 25. Qd3 Bd8 26. Rb4 Re6 27. g3 Bb6 28. Kg2 Qc5 29. Nxb6 Rxb6 30. Rc4 Qb5 31. b4 a5 32. Qd5 axb4 33. Rxb4 Qxd5+ 34. Rxd5 Ra6 35. a4 Rfa8 36. Rdd4 h5 37. Kf3 Rf6+ 38. Rf4 Rxf4+ 39. Kxf4 Ra5 40. Ke4 Kh7 41. Kd4 b6 42. Kc3 Rc5+ 43. Rc4 Rf5 44. Rf4 Rxf4 45. gxf4 g6 46. Kc4 f6 47. Kd5 Kg7 48. Ke4 Kf7 49. Kd5 Ke7 50. Ke4 Ke8 51. Kd5 Kf7 52. Ke4 Kf8 53. Kd5 Kg7 54. Ke4 Kh6 55. Kf3 g5 56. fxg5+ fxg5 57. hxg5+ Kxg5 58. Kg3 Kf5 59. Kh4 Kg6 60. Kh3 Kf5 61. Kh4 Kg6 62. Kh3 Kf5 63. Kh4 1/2-1/2

[Event "45th Olympiad 2024"]
[Site "Budapest HUN"]
[Date "2024.09.14"]
[Round "4.5"]
[Board "2"]
[White "Yakubboev, Nodirbek"]
[Black "Nguyen, Ngoc Truong Son"]
[Result "0-1"]
[WhiteElo "2666"]
[BlackElo "2633"]
[PlyCount "106"]
[EventDate "2024.09.11"]
[WhiteTeam "Uzbekistan"]
[BlackTeam "Vietnam"]
[WhiteTeamCountry "UZB"]
[BlackTeamCountry "VIE"]

1. d4 Nf6 2. c4 e6 3. Nf3 d5 4. Nc3 c5 5. cxd5 Nxd5 6. e4 Nxc3 7. bxc3 cxd4 8. cxd4 Bb4+ 9. Bd2 Bxd2+ 10. Qxd2 O-O 11. Rd1 Nd7 12. Bd3 b6 13. O-O Bb7 14. Qe3 ({RR} 14. Rfe1 Rc8 15. d5 Nc5 16. Bb1 exd5 17. exd5 Qd6 18. h4 Rfd8 19. Re5 Nd7 20. Rg5 Nf6 21. Nd4 g6 22. Nf5 Qf8 23. d6 Rd7 24. Qd4 Nh5 25. Ne7+ Rxe7 26. dxe7 Qxe7 27. Re5 Qf6 28. Ree1 Qxd4 {1-0 Bobkov,V (2237)-Paragua,M (2041) Titled Tue 18th Jun Early 2024 (5)}) 14... Re8 $146 ({RR} 14... Rc8 15. e5 h6 16. Rfe1 Bd5 17. Nd2 Qg5 18. Ne4 Qxe3 19. Rxe3 Bxe4 20. Bxe4 Rfd8 21. f4 Nc5 22. Bf3 Na4 23. Rd2 b5 24. d5 Nb6 25. Red3 Nxd5 26. Bxd5 Rxd5 27. Rxd5 exd5 28. Rxd5 a6 29. Rd6 {½-½ Jakovenko,D (2736)-Zvjaginsev,V (2642) RUS-ch Higher League 67th 2014 (3)}) ({RR} 14... Rc8 15. e5 h6 16. Nd2 Qg5 17. Qh3 Qf4 18. Nc4 Rc7 19. Nd6 Bd5 20. Qe3 Qg5 21. Qxg5 hxg5 22. Rc1 Rxc1 23. Rxc1 Bxa2 24. Ra1 Bd5 25. Rxa7 Nb8 26. Bb5 Nc6 27. Bxc6 Bxc6 28. Rc7 Bd5 29. f3 {½-½ Giri,A (2764)-Nepomniachtchi,I (2784) Chessable Masters Final rapid 2020 (2.21)}) ({RR} 14... Qe7 15. e5 Bd5 16. Bb1 Rac8 17. Ng5 f5 18. exf6 Nxf6 19. f3 Rc7 20. Rfe1 Re8 21. Qe5 h6 22. Nh3 g5 23. Nf2 Qg7 24. Rc1 Rec8 25. Rxc7 Rxc7 26. h3 Nh5 27. Qe3 Rc4 28. Bd3 Rxd4 29. Rc1 {0-1 Peralta,F (2569)-Adly,A (2620) Olympiad-43 Batumi 2018 (5.13)}) 15. e5 Bxf3 16. Qxf3 Rc8 17. Bb5 Re7 18. Qe4 Nf8 19. f4 g6 20. g4 Rec7 21. Ba6 Rb8 22. a4 Qh4 23. Qf3 Rd8 24. Rd2 Qe7 25. Rb1 Qd7 26. Ra1 Rc2 27. Bb5 Qc7 28. Rad1 Rc3 29. Qe4 Qe7 30. Rd3 Qh4 31. Qf3 Rxd3 32. Rxd3 Qe1+ 33. Kg2 Rc8 34. Qd1 Qe4+ 35. Kg3 h5 36. Qf3 Qe1+ 37. Qf2 h4+ 38. Kg2 Qc1 39. Re3 Rc2 40. Re2 Rc3 41. Re1 h3+ 42. Kg1 Qa3 43. Qd2 Qb3 44. Bf1 Rf3 45. f5 gxf5 46. gxf5 Rxf5 47. Bd3 Rf3 48. Qg5+ Ng6 49. Bxg6 fxg6 50. Qxg6+ Kf8 51. Qe4 Qd3 52. Qa8+ Kg7 53. Qxa7+ Kh6 0-1

[Event "45th Olympiad 2024"]
[Site "Budapest HUN"]
[Date "2024.09.14"]
[Round "4.6"]
[Board "1"]
[White "Duda, Jan-Krzysztof"]
[Black "Stremavicius, Titas"]
[Result "1-0"]
[WhiteElo "2732"]
[BlackElo "2527"]
[PlyCount "93"]
[EventDate "2024.09.11"]
[WhiteTeam "Poland"]
[BlackTeam "Lithuania"]
[WhiteTeamCountry "POL"]
[BlackTeamCountry "LTU"]

1. e4 c5 2. Nf3 e6 3. d4 cxd4 4. Nxd4 Nf6 5. Nc3 Nc6 6. a3 Be7 7. Be3 d6 8. Qe2 $146 ({RR} 8. Bb5 Bd7 9. f3 Rc8 10. O-O O-O 11. Nxc6 bxc6 12. Bd3 Qc7 13. Ne2 Rb8 14. b4 d5 15. exd5 cxd5 16. c4 dxc4 17. Rc1 Bb5 18. Nd4 Qe5 19. Be4 Nxe4 20. fxe4 Qxe4 21. Qf3 Qxf3 22. Rxf3 a6 {0-1 Ageev,D-Slugin,A RUS-Cup01 Tomsk 2003 (4)}) ({RR} 8. f4 O-O 9. Nb3 Na5 10. g4 Nxb3 11. cxb3 d5 12. e5 Ne4 13. Nxe4 dxe4 14. Qxd8 Rxd8 15. g5 Bd7 16. h4 Bc6 17. Rh2 a6 18. Rc1 g6 19. Rhc2 Rd7 20. b4 h6 21. Rxc6 bxc6 22. Rxc6 a5 {½-½ Anand,V (2783)-Radjabov,T (2756) AZE-The World m rapid 2009 (7)}) ({RR} 8. Qd3 e5 9. Nb3 Be6 10. Nd5 O-O 11. Be2 Nd7 12. Nxe7+ Qxe7 13. Rd1 Nc5 14. Qxd6 Qxd6 15. Rxd6 Nxe4 16. Rd1 Bxb3 17. cxb3 Rfd8 18. Bf3 f5 19. g4 Rxd1+ 20. Kxd1 Nd4 21. Bg2 Rd8 22. gxf5 Nxf5+ {½-½ Vokhidov,S (2596)-Kukhmazov,A (2498) Aeroflot Open A 2024 (9.11)}) ({RR} 8. Bd3 Bd7 9. O-O O-O 10. Nb3 Rc8 11. f4 a6 12. g4 Be8 13. g5 Nd7 14. Qg4 Nc5 15. Nxc5 dxc5 16. h4 Nd4 17. Rad1 f5 18. exf5 exf5 19. Bc4+ Kh8 20. Qh3 Bh5 21. Rd2 b5 22. Bxd4 cxd4 {0-1 Drescher,M (1535)-Poucher,S Mecklenburg VP LL 0102 2001 (2.6)}) ({RR} 8. Be2 a6 9. Qd2 Bd7 10. O-O O-O 11. Rad1 b5 12. f3 Rc8 13. Nxc6 Bxc6 14. Bd3 Nd7 15. Ne2 Ne5 16. Nd4 Nxd3 17. Nxc6 Rxc6 18. Qxd3 Qc7 19. c3 Rd8 20. Rd2 d5 21. Rfd1 Bd6 22. g3 Bxa3 {1-0 Milajev,M (2018)-Badih,R (1667) Wichern op 6th 2001 (4.60)}) 8... e5 9. Nb3 O-O 10. O-O-O a6 11. h3 b5 12. f4 Be6 13. g4 b4 14. axb4 exf4 15. Bxf4 Nxb4 16. Bg2 Rc8 17. Kb1 Qb6 18. Qe3 Qxe3 19. Bxe3 Nd7 20. Nd4 Ne5 21. Nf5 Rfe8 22. Bf4 Nc4 23. Nxe7+ Rxe7 24. Bxd6 Nxd6 25. Rxd6 h5 26. gxh5 Rc5 27. Bf3 Kh7 28. h4 f6 29. Rhd1 a5 30. Rb6 Bf7 31. Nd5 Re5 32. Rb7 Bxd5 33. exd5 Nxd5 34. Bxd5 Rexd5 35. Rg1 Kh6 36. Rg2 Rc4 37. Rgxg7 Rxh4 38. Rg6+ Kxh5 39. Rxf6 Kg5 40. Rf1 Kg6 41. Ka2 Rc5 42. c3 Ra4+ 43. Kb3 Rg4 44. Rb8 Kg7 45. Rb6 Re4 46. Ka3 Rd5 47. Rbf6 1-0

[Event "45th Olympiad 2024"]
[Site "Budapest HUN"]
[Date "2024.09.14"]
[Round "4.6"]
[Board "2"]
[White "Pultinevicius, Paulius"]
[Black "Wojtaszek, Radoslaw"]
[Result "1/2-1/2"]
[WhiteElo "2587"]
[BlackElo "2681"]
[PlyCount "68"]
[EventDate "2024.09.11"]
[WhiteTeam "Lithuania"]
[BlackTeam "Poland"]
[WhiteTeamCountry "LTU"]
[BlackTeamCountry "POL"]

1. d4 Nf6 2. c4 e6 3. Nc3 Bb4 4. Qb3 c5 5. dxc5 Nc6 6. Nf3 Ne4 7. Bd2 Nxd2 8. Nxd2 Bxc5 9. g3 b6 10. Bg2 Bb7 11. O-O Rc8 ({RR} 11... f5 12. a3 O-O 13. Qd1 Be7 14. Rc1 Rc8 15. Nb3 Ba8 16. Nb5 a6 17. Nd6 Rc7 18. f4 Na5 19. Nxa5 Bxg2 20. Kxg2 bxa5 21. c5 Qa8+ 22. Rf3 Qc6 23. Rcc3 Bf6 24. Rc2 Rb8 25. Qc1 Qd5 26. b4 {½-½ Turski,B (2334)-Kracht,R (2199) Krakow International 2024 (3.19)}) 12. Rac1 O-O 13. Qa4 $146 ({RR} 13. a3 Qc7 14. Qa4 Qb8 15. Nf3 Rfd8 16. Rfd1 Be7 17. b4 h6 18. Rd3 a6 19. Nd1 d6 20. Ne3 Rc7 21. Qb3 b5 22. Rdc3 Rdc8 23. R3c2 Ba8 24. Qd3 bxc4 25. Nxc4 d5 26. Ne3 Qb6 27. h4 Bb7 {½-½ Aczel,G (2553)-Plenca,J (2463) Palic Karadzic Memorial op 2017 (8)}) ({RR} 13. Qc2 Be7 14. Rfd1 Qc7 15. Nde4 a6 16. Nd5 exd5 17. cxd5 Qe5 18. dxc6 Bxc6 19. Nc3 g6 20. Qd3 b5 21. b3 Ba3 22. Rc2 Rfe8 23. e3 Rc7 24. Nd5 Bxd5 25. Bxd5 Rec8 26. Rxc7 Rxc7 27. Qd2 Kg7 {½-½ Aczel,G (2567)-Gavrilescu,D (2436) Timisoara m 2018 (2)}) 13... f5 14. Nb3 a6 15. Nxc5 bxc5 16. Rcd1 Qc7 17. f4 Nd4 18. Bxb7 Qxb7 19. Rd2 e5 20. fxe5 Rce8 21. Qa5 Qc6 22. Nd5 f4 23. gxf4 Qg6+ 24. Kf2 Rxe5 25. Qxc5 Nc6 26. Qxf8+ Kxf8 27. fxe5 Qe4 28. b3 Nxe5 29. Kg1+ Ke8 30. Nc7+ Kd8 31. Nd5 Qg4+ 32. Kh1 Qe4+ 33. Kg1 Qg4+ 34. Kh1 Qe4+ 1/2-1/2

[Event "45th Olympiad 2024"]
[Site "Budapest HUN"]
[Date "2024.09.14"]
[Round "4.6"]
[Board "3"]
[White "Piorun, Kacper"]
[Black "Kazakouski, Valery"]
[Result "1/2-1/2"]
[WhiteElo "2599"]
[BlackElo "2577"]
[PlyCount "87"]
[EventDate "2024.09.11"]
[WhiteTeam "Poland"]
[BlackTeam "Lithuania"]
[WhiteTeamCountry "POL"]
[BlackTeamCountry "LTU"]

1. d4 d5 2. c4 c6 3. Nf3 Nf6 4. e3 Bg4 5. h3 Bxf3 6. Qxf3 e6 7. Bd3 Bb4+ 8. Nc3 ({RR} 8. Nd2 dxc4 9. Bxc4 Nbd7 10. a3 Bd6 11. O-O O-O 12. Ba2 e5 13. Ne4 Nxe4 14. Qxe4 Nf6 15. Qh4 Re8 16. Rd1 Qe7 17. Bd2 exd4 18. exd4 Qe2 19. Bc3 Re4 20. Qg5 Rf4 21. Rd2 Qe7 22. Qa5 Re8 {½-½ Topalov,V (2777)-Ponomariov,R (2718) Villarrobledo op 23rd rapid 2008 (7)}) 8... O-O 9. O-O Nbd7 10. Rd1 ({RR} 10. Qd1 Qe7 11. a3 Bxc3 12. bxc3 e5 13. a4 Qe6 14. Qb3 Rab8 15. Ba3 Rfc8 16. a5 b6 17. axb6 Nxb6 18. cxd5 cxd5 19. Bc5 Nfd7 20. Bb4 Nc4 21. Bxc4 dxc4 22. Qc2 exd4 23. exd4 Nf6 24. Rfe1 Qc6 {1-0 Diaz Camallonga,C (2491)-Dominguez Pons,E (2328) TCh-CAT GpA Final 2024 (2.3)}) 10... Nb6 $146 ({RR} 10... Re8 11. Qe2 a6 12. Bd2 e5 13. dxe5 Bxc3 14. Bxc3 Nxe5 15. cxd5 cxd5 16. Bc2 Qe7 17. Bb3 Rad8 18. Rac1 Rd7 19. Qc2 g6 20. Qe2 Qe6 21. Rc2 Ne4 22. Bd4 Nc6 23. Ba4 b5 24. Bb3 Nxd4 25. Rxd4 {½-½ Rasmussen,A (2534)-Semcesen,D (2460) DEN-chT 0910 48th 2009 (2.1)}) ({RR} 10... Re8 11. Qe2 Bxc3 12. bxc3 e5 13. a4 e4 14. Bc2 Nb6 15. Bb3 Nxc4 16. Bxc4 dxc4 17. Qxc4 Qd5 18. Qe2 b5 19. Bd2 Reb8 20. Rdc1 Qc4 21. Qxc4 bxc4 22. a5 Rb2 23. Be1 Ne8 24. f3 Nd6 25. Bg3 {½-½ Aleksandrov,A (2582)-Lintchevski,D (2450) EU-ch 9th Plovdiv 2008 (4)}) 11. cxd5 cxd5 12. Bd2 Rc8 13. Qe2 a6 14. Be1 Qe7 15. a3 Bd6 16. a4 g6 17. a5 Nbd7 18. Qc2 Nb8 19. Qb3 Nc6 20. Na4 Rc7 21. Nb6 Rd8 22. Rac1 e5 23. Qa4 Qe6 24. Rc2 Re7 25. Bxa6 Nxd4 26. exd4 bxa6 27. Bb4 Bxb4 28. Qxb4 e4 29. Rc6 Qxc6 30. Qxe7 Rd6 31. b4 Kg7 32. Kh2 Re6 33. Qc5 Qe8 34. b5 e3 35. fxe3 Qb8+ 36. Kg1 Rxe3 37. Nxd5 Nxd5 38. Qxd5 axb5 39. a6 Ra3 40. Rf1 Rxa6 41. Rxf7+ Kh6 42. Qd7 Qh8 43. Qxb5 Qxd4+ 44. Kh1 1/2-1/2

[Event "45th Olympiad 2024"]
[Site "Budapest HUN"]
[Date "2024.09.14"]
[Round "4.6"]
[Board "4"]
[White "Laurusas, Tomas"]
[Black "Gumularz, Szymon"]
[Result "1/2-1/2"]
[WhiteElo "2569"]
[BlackElo "2571"]
[PlyCount "96"]
[EventDate "2024.09.11"]
[WhiteTeam "Lithuania"]
[BlackTeam "Poland"]
[WhiteTeamCountry "LTU"]
[BlackTeamCountry "POL"]

1. d4 Nf6 2. c4 e6 3. Nf3 Bb4+ 4. Nbd2 Be7 5. e3 ({RR} 5. e4 d5 6. e5 Nfd7 7. cxd5 exd5 8. Nb3 a5 9. a4 b6 10. Bd3 c5 11. Bb5 Bb7 12. O-O O-O 13. Re1 Na6 14. dxc5 bxc5 15. Nxa5 Qxa5 16. Bxd7 d4 17. e6 f6 18. Nh4 g6 19. Bh6 f5 {1-0 Yilmaz,M (2633)-Vidit,S (2710) Shusha Blitz 2022 (1)}) ({RR} 5. g3 O-O 6. Bg2 c5 7. O-O Nc6 8. dxc5 Bxc5 9. Nb3 Be7 10. Nbd4 d5 11. cxd5 Nxd4 12. Nxd4 Nxd5 13. Qb3 Qb6 14. Rd1 Rd8 15. e4 Bc5 16. Ne2 Nb4 17. Rxd8+ Qxd8 18. Be3 Bxe3 19. fxe3 Nc6 {½-½ Hak,D (2310)-Ochedzan,T (2166) 22nd Marienbad B1 IM 2024 (9.3)}) 5... O-O $146 ({RR} 5... d5 6. Bd3 O-O 7. b3 c5 8. O-O Nc6 9. Bb2 b6 10. Qe2 Bb7 11. Rfd1 Rc8 12. Rac1 Re8 13. Ne5 cxd4 14. Nxc6 Bxc6 15. exd4 dxc4 16. bxc4 Rc7 17. Bb1 Qa8 18. f3 a6 19. Qd3 Rd7 20. Ne4 {½-½ Reimold,D-Sauer,F Verbandsliga Nord Baden 1998 (1.7)}) ({RR} 5... c5 6. a3 a6 7. dxc5 Bxc5 8. b4 Be7 9. Bb2 d6 10. Qc2 b6 11. Bd3 Bb7 12. Ne4 Nbd7 13. Ng3 Rc8 14. Qe2 O-O 15. Rd1 Qc7 16. Nd4 Ne5 17. Rc1 Nxd3+ 18. Qxd3 Bxg2 19. Rg1 Qb7 20. Qe2 {½-½ Mandelkow,E (1569)-Westphal Stubbe,S (1664) Hamburg HSK Christmas op 4th 2018 (7)}) 6. Be2 d5 7. O-O b6 8. b3 Bb7 9. Bb2 Nbd7 10. Rc1 c5 11. cxd5 Nxd5 12. a3 a5 13. Bb5 Nc7 14. Be2 Nd5 15. Bb5 Nc7 16. Bc4 Rc8 17. Qe2 cxd4 18. Nxd4 Bc5 19. Rfd1 Qe7 20. Nc2 Rfd8 21. Qg4 Nf6 22. Qh4 h6 23. Be2 Nce8 24. b4 axb4 25. axb4 Nd5 26. Qxe7 Bxe7 27. b5 Nc3 28. Bxc3 Rxc3 29. Nd4 Rxc1 30. Rxc1 Ba3 31. Rc2 Nd6 32. Nc6 Ra8 33. h3 Kf8 34. Nb3 Ke8 35. Bd3 Nc8 36. f4 Bd6 37. Kf2 Ra3 38. Rb2 Ne7 39. Be4 Ra4 40. Bf3 Nc8 41. Rc2 Bxc6 42. bxc6 Kd8 43. Nd4 Na7 44. Rb2 Kc7 45. Ke2 Bc5 46. Rd2 Bxd4 47. exd4 Nb5 48. Ke3 Nd6 1/2-1/2

[Event "45th Olympiad 2024"]
[Site "Budapest HUN"]
[Date "2024.09.14"]
[Round "4.7"]
[Board "2"]
[White "Abasov, Nijat"]
[Black "Petrov, Nikita"]
[Result "1/2-1/2"]
[WhiteElo "2626"]
[BlackElo "2574"]
[PlyCount "60"]
[EventDate "2024.09.11"]
[WhiteTeam "Azerbaijan"]
[BlackTeam "Montenegro"]
[WhiteTeamCountry "AZE"]
[BlackTeamCountry "MNE"]

1. d4 Nf6 2. Nf3 d5 3. c4 e6 4. g3 Bb4+ 5. Bd2 a5 6. Bg2 O-O 7. Qc2 c5 8. cxd5 cxd4 9. Nxd4 exd5 ({RR} 9... Qb6 10. e3 exd5 11. O-O Nc6 12. Nxc6 bxc6 13. Rc1 Rb8 14. Bxb4 Qxb4 15. b3 Be6 16. Nc3 c5 17. Ne2 Rfc8 18. Nf4 c4 19. bxc4 Rxc4 20. Qd1 Qc5 21. Nxe6 fxe6 22. Bf1 Rc3 23. Rxc3 Qxc3 24. Rc1 {½-½ So,W (2772)-Harikrishna,P (2717) Berlin FIDE GP 1 Pool-D 2022 (6)}) ({RR} 9... Qb6 10. e3 exd5 11. O-O Nc6 12. Nxc6 bxc6 13. Rc1 Bd7 14. Nc3 Rfb8 15. Na4 Qd8 16. Bxb4 axb4 17. Nc5 Be8 18. a3 bxa3 19. bxa3 h5 20. Qc3 Qb6 21. a4 Qa5 22. Nb3 Qb4 23. Nd4 Rxa4 24. Rxa4 {½-½ Wang,I (2316)-Miezis,N (2419) 1000GM Winter GM 2 2024 (5.2)}) 10. O-O Re8 $146 ({RR} 10... Na6 11. Bg5 h6 12. Bxf6 Qxf6 13. e3 Be6 14. a3 Bc5 15. Rd1 Rac8 16. Nc3 Rfd8 17. Qb3 Bxd4 18. Rxd4 Nc5 19. Qb5 Qe7 20. Rad1 Qc7 21. Nxd5 Bxd5 22. Rxd5 Rxd5 23. Rxd5 b6 24. h4 Rd8 25. Rxd8+ {0-1 Sviridova,V (2144)-Veiga,E (2072) Titled Tuesday intern op 16th Mar blitz 2021 (5)}) ({RR} 10... Qb6 11. e3 Nc6 12. Nxc6 bxc6 13. Nc3 h5 14. Rfc1 h4 15. Na4 Qd8 16. b3 Bd7 17. Nc5 Bc8 18. Na4 Bd7 19. Nc5 Bc8 20. a3 Bxd2 21. Qxd2 Bf5 22. Qd4 h3 23. Bf3 Re8 24. Qf4 Bc8 25. Nd3 {1-0 Wagner,D (2334)-Cramling,P (2459) EU-Cup Online Final (Women) rapid 2020 (3.2)}) ({RR} 10... Qb6 11. e3 Nc6 12. Nxc6 bxc6 13. Nc3 Be6 14. Rac1 Rfc8 15. Rfd1 Bg4 16. Re1 Be6 17. Red1 Bg4 18. Re1 Be6 19. h3 Qb8 20. Red1 g6 21. Be1 Bf5 22. Qe2 h5 23. Na4 Ne4 24. g4 hxg4 25. hxg4 {0-1 Osmak,I (2423)-Cyfka,K (2409) POL-chT Ekstraliga 2021 (8.5)}) 11. e3 Bd7 12. a3 Bxd2 13. Nxd2 Nc6 14. Nxc6 bxc6 15. Nb3 h5 16. Nc5 h4 17. Nxd7 Qxd7 18. Rfd1 hxg3 19. hxg3 Rab8 20. Rd4 Rb6 21. b4 axb4 22. axb4 Qd6 23. Rc1 Reb8 24. Qc3 Rxb4 25. Rxb4 Rxb4 26. Qxc6 Qxc6 27. Rxc6 d4 28. exd4 Rxd4 29. Bf3 Kf8 30. Kg2 Ke7 1/2-1/2

[Event "45th Olympiad 2024"]
[Site "Budapest HUN"]
[Date "2024.09.14"]
[Round "4.7"]
[Board "4"]
[White "Mamedyarov, Shakhriyar"]
[Black "Draskovic, Luka"]
[Result "1-0"]
[WhiteElo "2733"]
[BlackElo "2497"]
[PlyCount "83"]
[EventDate "2024.09.11"]
[WhiteTeam "Azerbaijan"]
[BlackTeam "Montenegro"]
[WhiteTeamCountry "AZE"]
[BlackTeamCountry "MNE"]

1. Nf3 d5 2. g3 Nf6 3. Bg2 e6 4. O-O Bd6 5. c4 O-O 6. d4 h6 7. Qc2 b6 ({RR} 7... Nc6 8. Nbd2 Re8 9. b3 e5 10. dxe5 Nxe5 11. Bb2 dxc4 12. Bxe5 Bxe5 13. Nxe5 Rxe5 14. Nxc4 Re8 15. e4 Qe7 16. e5 Nd7 17. f4 Nb6 18. Ne3 c6 19. Rae1 Bd7 20. Qd2 Rad8 21. Qa5 Nc8 22. Rd1 {0-1 Dubov,D (2710)-Carlsen,M (2847) DM Carlsen-Dubov blitz 2021 (7)}) 8. Nc3 Bb7 9. cxd5 exd5 10. Nh4 $146 ({RR} 10. Nb5 Nc6 11. Nxd6 cxd6 12. Bd2 Re8 13. e3 Rc8 14. Qa4 Qd7 15. Rfc1 Qf5 16. Nh4 Qe6 17. Rc2 Ne4 18. Be1 Rc7 19. Rac1 Rec8 20. Bf1 a6 21. Qb3 b5 22. a4 Nf6 23. axb5 axb5 24. Bd3 Qe7 {1-0 Eckert,D (2123)-Vemparala,N (2192) SPICE Cup Open 2023 (7.17)}) ({RR} 10. Nb5 Re8 11. Nxd6 cxd6 12. Bf4 Nc6 13. Rac1 Qd7 14. Rfe1 a5 15. Qb3 Ba6 16. Qxb6 Bc4 17. Nd2 Rab8 18. Nxc4 Rxb6 19. Nxb6 Qb7 20. Nxd5 Ne4 21. Nc7 Qxc7 22. d5 Qb6 23. Bxe4 Nd4 24. Bd3 Qxb2 {0-1 Christiansen,J (2655)-Svane,F (2638) Titled Tue 11th Jun Early 2024 (9)}) ({RR} 10. Nb5 Nc6 11. Nxd6 cxd6 12. Bd2 Re8 13. e3 Ne4 14. Rfc1 Qd7 15. Be1 Rac8 16. Qb3 Ne7 17. a4 Rxc1 18. Rxc1 Rc8 19. Rxc8+ Qxc8 20. Qd1 Ba6 21. h3 f5 22. Nh2 Bc4 23. f3 Nf6 24. b3 Ba6 {0-1 Polschikov,A (2358)-Dimitrova,A (2115) Vanadzor Open 2024 (5.7)}) 10... Nc6 11. Nf5 Ne7 12. Nxd6 cxd6 13. b3 Rc8 14. Qd3 Qd7 15. a4 a6 16. Ba3 Rc6 17. Rfc1 Rfc8 18. Nd1 Rxc1 19. Rxc1 Rxc1 20. Bxc1 Qc6 21. Ba3 Bc8 22. Ne3 a5 23. h3 h5 24. Kh2 g6 25. f3 Nf5 26. Nd1 Ng7 27. Nc3 Ne6 28. Qd2 Ba6 29. e4 h4 30. gxh4 Bb7 31. Qe3 Qd7 32. Nb5 Ne8 33. h5 gxh5 34. Qh6 Bc6 35. Nc3 N6g7 36. Qg5 dxe4 37. fxe4 Bb7 38. d5 f6 39. Qe3 Qd8 40. Nb5 Ba6 41. Nd4 Bb7 42. Qg3 1-0

[Event "45th Olympiad 2024"]
[Site "Budapest HUN"]
[Date "2024.09.14"]
[Round "4.8"]
[Board "1"]
[White "Grandelius, Nils"]
[Black "Shirov, Alexei"]
[Result "1/2-1/2"]
[WhiteElo "2653"]
[BlackElo "2666"]
[PlyCount "60"]
[EventDate "2024.09.11"]
[WhiteTeam "Sweden"]
[BlackTeam "Spain"]
[WhiteTeamCountry "SWE"]
[BlackTeamCountry "ESP"]

1. e4 e6 2. d4 d5 3. exd5 exd5 4. Nf3 Nf6 5. Bd3 c5 6. c3 c4 7. Bc2 Bd6 8. O-O O-O 9. h3 ({RR} 9. Bg5 h6 10. Bh4 Bg4 11. Nbd2 Nc6 12. a4 Rc8 13. Qb1 Re8 14. Bf5 Bxf5 15. Qxf5 Qd7 16. Qc2 Ne4 17. Bg3 Nxd2 18. Qxd2 Re6 19. Rfe1 Rce8 20. Rxe6 Rxe6 21. Re1 Bxg3 22. hxg3 Qe7 23. Kf1 f6 {0-1 Adams,M (2688)-Gavrilescu,D (2522) European Blitz 2022 (21.3)}) 9... Nc6 10. Bg5 h6 11. Bh4 g5 $146 ({RR} 11... Re8 12. Nbd2 b5 13. a3 Be6 14. Re1 g5 15. Nxg5 hxg5 16. Bxg5 Be7 17. Qf3 Nh7 18. Bxh7+ Kxh7 19. Qh5+ Kg8 20. Rxe6 fxe6 21. Qg6+ Kh8 22. Qh6+ Kg8 23. Qg6+ Kh8 24. Qh6+ Kg8 25. Qg6+ {½-½ Rouast,J (2123)-Cruz Mendez,J (2175) Abu Dhabi Masters Online 2024 (4)}) ({RR} 11... Re8 12. Nbd2 Bf4 13. Re1 Be6 14. Bg3 Bxg3 15. fxg3 Qc7 16. Ne5 Nxe5 17. Rxe5 Nd7 18. Re3 Bxh3 19. Rxe8+ Rxe8 20. gxh3 Qxg3+ 21. Kh1 Qxh3+ 22. Kg1 Qg3+ 23. Kh1 Qh4+ 24. Kg2 Qg5+ 25. Kf2 Nf6 26. Nf3 {0-1 Vovk,O (2315)-Aitbayev,A (2475) Titled Tuesday intern op 26th Jan blitz 2021 (7)}) ({RR} 11... Re8 12. Nbd2 b5 13. Re1 g5 14. Bg3 Rxe1+ 15. Qxe1 Bxg3 16. fxg3 g4 17. Ne5 Nxe5 18. dxe5 Nh5 19. Qe3 Qg5 20. Qxg5+ hxg5 21. hxg4 Bxg4 22. Kf2 Re8 23. Re1 Ng7 24. Nf3 Ne6 25. Rd1 Rd8 26. Ke3 {1-0 Bacrot,E (2662)-Rendle,T (2385) Titled Tue 25th Jul Early 2023 (6)}) 12. Bg3 Bxg3 13. fxg3 Nh5 14. Kh2 Qd6 15. Ne5 Nxg3 16. Kxg3 f6 17. Na3 fxe5 18. Nb5 Rxf1 19. Qh5 Qf6 20. Rxf1 Qxf1 21. Qg6+ Kf8 22. Qxh6+ Ke7 23. Qd6+ Kf7 24. Qg6+ Kf8 25. Qh6+ Ke7 26. Qd6+ Kf7 27. Qg6+ Ke7 28. Qd6+ Kf7 29. Qg6+ Ke7 30. Qd6+ Kf7 1/2-1/2

[Event "45th Olympiad 2024"]
[Site "Budapest HUN"]
[Date "2024.09.14"]
[Round "4.9"]
[Board "1"]
[White "Carlsen, Magnus"]
[Black "Gazik, Viktor"]
[Result "1-0"]
[WhiteElo "2832"]
[BlackElo "2561"]
[PlyCount "55"]
[EventDate "2024.09.11"]
[WhiteTeam "Norway"]
[BlackTeam "Slovakia"]
[WhiteTeamCountry "NOR"]
[BlackTeamCountry "SVK"]

1. d4 Nf6 2. c4 e6 3. Nf3 Bb4+ 4. Nbd2 b6 5. a3 Bxd2+ 6. Nxd2 Bb7 7. e3 O-O 8. Bd3 ({RR} 8. b3 c5 9. dxc5 bxc5 10. Bb2 d6 11. Bd3 Nbd7 12. O-O a5 13. Qc2 Qb6 14. Rfd1 Rfd8 15. Rab1 Bc6 16. Bc3 Qb7 17. f3 Qa7 18. Nf1 h6 19. Qf2 Qc7 20. Qg3 Nh5 21. Qh4 Nhf6 22. a4 d5 {1-0 Van Foreest,J (2665)-Naiditsch,A (2661) TCh-FRA Top 16 Haute 2024 (1.19)}) ({RR} 8. b3 Qe7 9. Bb2 d5 10. Rc1 dxc4 11. Nxc4 Nbd7 12. f3 Rfd8 13. Be2 c5 14. dxc5 Nxc5 15. Qc2 Rac8 16. b4 b5 17. bxc5 Qxc5 18. Bd4 Qe7 19. Qb2 bxc4 20. Rxc4 Rxc4 21. Bxc4 Bd5 22. Be2 Nd7 {1-0 Panda,S (2404)-Subhayan,K (2385) 1st SOA Int Open 2024 (10.3)}) 8... d5 9. O-O dxc4 $146 ({RR} 9... Nbd7 10. b3 Re8 11. Bb2 e5 12. dxe5 Nxe5 13. Be2 dxc4 {½-½ Gmeiner,P (2230)-Ochs,H Schoeneck 1992 (4)}) ({RR} 9... Nbd7 10. Nf3 Qe7 11. cxd5 exd5 12. b3 Ne4 13. Bb2 f5 14. Rc1 c6 15. Ne5 Nxe5 16. dxe5 c5 17. Qc2 Qe6 18. f3 Ng5 19. h4 Nf7 20. Bxf5 Qh6 21. f4 Nd8 22. Rf3 Ne6 23. Bxe6+ Qxe6 24. f5 {½-½ Dudas,P (2257)-Dobai,S (2179) HUN-chT2 Barcza 1314 2013 (3)}) ({RR} 9... Nbd7 10. b3 Re8 11. Bb2 e5 12. dxe5 Nxe5 13. Be2 dxc4 14. Nxc4 Nxc4 15. Bxc4 Qe7 16. Qc2 Rad8 17. Rfd1 Ne4 18. Rxd8 Rxd8 19. Rd1 h6 20. Bf1 Rxd1 21. Qxd1 Qh4 22. Qc2 Qd8 23. b4 Qd2 24. Qxd2 {1-0 Martinovic,S (2546)-Stojanovic,D (2472) Bundesliga 2022-23 (7.6)}) 10. Nxc4 Qd5 11. f3 Rd8 12. Be2 Nc6 13. Qc2 Rac8 14. b3 b5 15. Nb2 e5 16. Nd3 e4 17. Nc5 Nxd4 18. exd4 Qxd4+ 19. Kh1 exf3 20. gxf3 Ba8 21. Bg5 Rd5 22. Bxf6 Qxf6 23. Ne4 Qf4 24. Qc1 Qh4 25. Rg1 Re5 26. Qc3 Rce8 27. Bxb5 R8e7 28. Rad1 1-0